| 000 | 00876 a2200205 4500 | ||
|---|---|---|---|
| 020 | _a9780596806026 | ||
| 020 | _a0596806027 | ||
| 040 |
_aDLC _bDLC |
||
| 100 | 1 | _aPilgrim, Mark. | |
| 245 | 1 | 0 |
_aHTML5 : up and running _cMark Pilgrim. |
| 246 | 3 | 0 | _aHyper Text Markup Language 5. |
| 260 |
_aSebastopol, CA : _bO'Reilly, _c2010. |
||
| 300 |
_axii, 205 p. : _bill. ; _c24 cm. |
||
| 500 | _a"O'Reilly/Google Press"--Cover. | ||
| 500 | _a"Dive into the future of Web development"--Cover. | ||
| 520 | 8 | _aWith this book you will learn how HTML5 enables browsers to interact with JavaScript much more easily than before. You will learn how it can help you develop applications that display video directly in the browser, without having to rely on plugins and much more. | |
| 650 | 0 | _aHTML (Document markup language) | |
| 650 | 0 | _aWeb site development. | |
| 942 |
_cBK _k004 PIL _2ddc |
||
| 999 |
_c10472 _d10472 |
||